Mối quan hệ giữa nhà nước và nhân dân trong quan niệm cai trị của Lê Thánh Tông : Một vài suy nghĩ ngầm từ lịch sử /

में बचाया:
ग्रंथसूची विवरण
मुख्य लेखक: Nguyễn Thị Việt Hương.
स्वरूप: लेख
भाषा:Vietnamese
विषय:
टैग : टैग जोड़ें
कोई टैग नहीं, इस रिकॉर्ड को टैग करने वाले पहले व्यक्ति बनें!
Thư viện lưu trữ: Thư viện Trường Đại học Đà Lạt
LEADER 00927nam a2200277 4500
001 DLU120131078
005 ##20110118
040 # # |a DLU  |b vie 
041 # # |a vie 
044 # # |a vn 
100 # # |a Nguyễn Thị Việt Hương. 
245 # # |a Mối quan hệ giữa nhà nước và nhân dân trong quan niệm cai trị của Lê Thánh Tông :  |b Một vài suy nghĩ ngầm từ lịch sử /  |c Nguyễn Thị Việt Hương. 
653 # # |a Chế độ phong kiến 
653 # # |a Lê Thánh Tông, 1442-1497 
653 # # |a Nhà nước 
653 # # |a Quyền lực  
773 # # |t Nhà nước và pháp luật  |g Số 10(270), 2010, tr. 46-51 
920 # # |a Phòng Tạp chí -- Trung tâm Thông tin - Thư viện Trường Đại học Đà Lạt 
994 # # |a DLU 
900 # # |a True 
911 # # |a Nguyễn Thị Linh Chi 
925 # # |a G 
926 # # |a A 
927 # # |a BB 
980 # # |a Thư viện Trường Đại học Đà Lạt